| 000 | 01268nam a2200265Ia 4500 | ||
|---|---|---|---|
| 999 |
_c55047 _d55047 |
||
| 001 | 22122 | ||
| 003 | GE_BSU | ||
| 005 | 20221101164046.0 | ||
| 008 | 181216s2017||||ge |||||||||||||| ||geo|| | ||
| 020 | _a9789941238635 | ||
| 040 | _cGE_BSU | ||
| 041 | _ageo | ||
| 100 |
_aგოეთე, იოჰან ვოლფგანგ _912332 |
||
| 245 |
_aფაუსტი : _b ნაწილი 2 / _cგერმ. თარგმნა დავით წერედიანმა ; რედ. ნინო გოგალაძე ; დიზაინერი თამაზ ვარვარიძე. |
||
| 264 |
_aთბილისი : _bბაკურ სულაკაურის გამ-ბა, _c2017. |
||
| 300 |
_a371 გვ. ; _c22 სმ. |
||
| 490 | _aმსოფლიო კლასიკა | ||
| 541 | _h11ლ.50თ. | ||
| 653 | _aმხატვრული ლიტერატურა | ||
| 653 | _aფაუსტი | ||
| 700 |
_a წერედიანი, დავით _eმთარგმნელი _915698 |
||
| 700 |
_aგოგალაძე, ნინო _eრედაქტორი _912334 |
||
| 710 |
_aვარვარიძე, თამაზ _bდიზაინერი _915699 |
||
| 942 |
_cBK _2udc |
||